Państwa z tyloma spółgłosek, ile samogłosek - Statystyki

Ogólne statystyki
  • Ten quiz został rozwiązany 134 razy
  • Średni wynik to 16 z 57
Statystyki odpowiedzi
Kraj % Poprawnych
Kanada
66%
Iran
49%
Peru
49%
Irak
48%
Oman
43%
Irlandia
42%
Maroko
42%
Belgia
41%
Islandia
41%
Togo
41%
Kuba
40%
Mali
40%
Monako
40%
Brazylia
39%
Laos
39%
Panama
39%
Andora
38%
Holandia
34%
Angola
33%
Belize
32%
Izrael
32%
Norwegia
32%
Dominika
30%
Kolumbia
30%
Zambia
30%
Dominikana
29%
Algieria
27%
Portugalia
27%
Filipiny
26%
Kosowo
26%
Republika Południowej Afryki
25%
Serbia
25%
Wielka Brytania
25%
Nowa Zelandia
24%
Gujana
23%
Tuvalu
23%
Białoruś
22%
Bahamy
21%
Bułgaria
21%
Tanzania
20%
Uganda
20%
Bośnia i Hercegowina
19%
Gwinea
18%
Malediwy
18%
Słowenia
18%
Brunei
17%
Kiribati
17%
Gwinea Bissau
16%
Mołdawia
16%
Gambia
15%
Jordania
15%
Burundi
13%
Eswatini
12%
Malawi
12%
Komory
11%
Mjanma
11%
Saint Lucia
7%
Nie znaleziono quizów pasujących do podanych kryteriów
Rozkład punktacji
Procent ludzi z każdym wynikiem
Percentyl według liczby udzielonych odpowiedzi
Twoja historia wyników
Nie rozwiązałeś tego quizu